00949nam a22002895a 45000010008000000030004000080050017000120080041000290200018000700400034000880410008001220430012001300820014001421000035001562400044001912450078002352640069003133000029003823360031004113370035004423380032004774900021005096500039005306500025005696500022005947000043006161662724OSt20210802173134.0201014s2020 ck g 000 jdspa d a9789584287298 aCO-MqBPBbspa cCO-MqBPBerda0 aspa as-ck---04aAC bMERm1 aMerino, Juan Fernando, d1957-10aValle del Cauca-Bibliografía regional14aLos mares de la luna / cJuan Fernando Merino ; prólogo Elkin Restrepo. 1aBogotá : bEditorial Planeta Colombiana : Seix Barral, c2020. a170 páginas ; c23 cm. atexto btxt [2rdacontent] asin mediacion bn [2rdamedia] avolumen bnc [2rdacarrier]1 aBiblioteca breve14aCuentos colombianosv Colecciones.24aRelatos colombianos.24aViajesx Relatos.1 aRestrepo, Elkin, d1942-, eprólogo.